Секция 3: Тепломассообмен в химически реагирующих системах; Тепломассообмен - ММФ

Dettagli Bibliografici
Parent link:Тепломассообмен - ММФ=Heat/Mass transfer-MIF: минский международный форум, 24-27 мая 1988 г./ Академия наук Белорусской ССР (АН БССР), Институт тепло- и массообмена им. А. В. Лыкова (ИТМО). Секция 3: Тепломассообмен в химически реагирующих системах.— , 1988
Lingua:russo
Pubblicazione: 1988
Soggetti:
Natura: Libro
KOHA link:https://koha.lib.tpu.ru/cgi-bin/koha/opac-detail.pl?biblionumber=261392

MARC

LEADER 00000nam2a2200000 4500
001 261392
005 20231101233548.0
020 |a RU  |b 88-33338 
035 |a (RuTPU)RU\TPU\book\284371 
090 |a 261392 
100 |a 20140522d1988 k y0rusy5003 ca 
101 0 |a rus 
102 |a RU 
105 |a a z 101zy 
200 0 |a Секция 3: Тепломассообмен в химически реагирующих системах 
210 |d 1988 
215 |a 142 с.  |c ил. 
320 |a Библиогр. в конце гл. 
461 1 |0 (RuTPU)RU\TPU\book\209503  |t Тепломассообмен - ММФ  |l Heat/Mass transfer-MIF  |o минский международный форум, 24-27 мая 1988 г.  |o тезисы докладов  |f Академия наук Белорусской ССР (АН БССР), Институт тепло- и массообмена им. А. В. Лыкова (ИТМО)  |v Секция 3: Тепломассообмен в химически реагирующих системах  |d 1988 
606 1 |a Тепломассообмен  |x (физика)  |2 stltpush  |3 (RuTPU)RU\TPU\subj\58920  |9 76603 
610 1 |a физика 
610 1 |a химически реагирующие системы 
610 1 |a сложный теплообмен 
610 1 |a газовые среды 
610 1 |a конденсированные среды 
610 1 |a химическое осаждение 
610 1 |a тепловые процессы 
610 1 |a катализаторы 
610 1 |a плазменные струи 
610 1 |a горение 
610 1 |a турбулентное течение 
610 1 |a термохимическое разрушение 
610 1 |a гиперзвуковое обтекание 
610 1 |a пористые среды 
610 1 |a гетерогенные конденсированные системы 
610 1 |a пиролиз 
610 1 |a тезисы докладов 
675 |a 536.24(04)  |v 3 
801 0 |a RU  |b RuMRKP  |c 19960705  |g psbo 
801 1 |a RU  |b 63413507  |c 20140522 
801 2 |a RU  |b 63413507  |c 20150205  |g RCR 
942 |c BK